LIBRARY & INFORMATION CENTRE, KCAET, TAVANUR

ONLINE PUBLIC ACCESS CATALOGUE (OPAC)

Normal view MARC view
  • Suresh A

Entry Personal Name

Number of records used in: 1

001 - CONTROL NUMBER

  • control field: 3772

003 - CONTROL NUMBER IDENTIFIER

  • control field: OSt

005 - DATE AND TIME OF LATEST TRANSACTION

  • control field: 20181024122459.0

008 - FIXED-LENGTH DATA ELEMENTS

  • fixed length control field: 181024|| aca||aabn | a|a d

040 ## - CATALOGING SOURCE

  • Original cataloging agency: OSt
  • Transcribing agency: OSt

100 ## - HEADING--PERSONAL NAME

  • Personal name: Suresh A

670 ## - SOURCE DATA FOUND

  • Source citation: Work cat.: (OSt)15285: BOBBY T 3770, Environmental control in greenhouses for humid tropics
free website counter